000 00271nam a2200109Ia 4500
008 200302s9999 xx 000 0 und d
100 _aRolf Toman Cologne
245 _aBest of Graphis Design
260 _bPage one Publishing Pvt. Ltd.
260 _c1993
300 _a67 P.,
999 _c2191
_d2191